| LEADER |
00593nam0a2200169 450 |
| 001 |
16838924 |
| 010 |
|
|
|a 979-1039503440
|b Br.
|d 9,8
|
| 100 |
|
|
|a 20220310d2022 u u0frey01 ba
|
| 101 |
0 |
|
|a fre
|
| 200 |
0 |
|
|a Loup qui devenait chef de la forêt (Le)
|f Orianne Lallemand, Eléonore Thuillier
|
| 207 |
|
1 |
|a
|
| 210 |
|
|
|a Paris
|b 24-32, rue des Amandiers
|c Auzou
|d 2022
|
| 700 |
|
0 |
|a Lallemand
|b Orianne
|f 1972-....
|4 90
|
| 701 |
|
0 |
|a Thuillier
|b Eléonore
|4 440
|
| 900 |
|
|
|a Album
|
| 901 |
|
|
|a Accessible au prêt
|
| 995 |
|
|
|a Bibliothèque
|c Bibliothèque
|f 024022182
|h 024022182
|k A LAL
|o p
|q j
|r az
|e Bibliothèque
|